000 00232nam a2200097Ia 4500
008 240331s9999 xx 000 0 und d
082 _a010
_bREG
100 _aDias, Niranjali. ed
245 0 _aRegionalcooperation inSouth Asia
942 _cL
999 _c665
_d665